000 03021nam0a22005531 4500
001 RU\NLR\A1DV\32793
005 20260406154220.0
035 _a(NLR Aleph) 010777792
090 _a10051822
_c10051822
100 _a20061113d1811 m y0rusy50 ca
101 1 _arus
_cger
102 _aRU
135 _acrcn 024anaba
140 _ay y cayaa0000
200 1 _aСотворение мира.
_fОратория положенная на музыку г. Гайденом
_gИграна в пользу музыкантских вдов, в Филармоническом обществе
210 _aВ Санктпетербурге
_cпечатано в типографии Ф.Дрехслера
_d1811
215 _a23, [1] с.
_d12°
300 _aЦенз.: Г.М.Яценков, 6 дек. 1811 г.
305 _aТекст оратории заимствован Свитеном из поэмы Дж. Мильтона "Потерянный рай"
316 _aЭкз. РНБ (18.167.2.165) в зеленой бумажной обл. На 1-й с. обл. ярлык с шифром РНБ. На 2-й с. обл. пустой ярлык. Размер: 15,3х9,3х0,3 см
_5NLR: 18.167.2.165
321 1 _aGrove G. Dictionary of music and musicians. London, 1906. Vol.2. P.361
325 _aКопия доступна в Электрон. б-ке РНБ
620 _dСанкт-Петербург
700 1 _6z01790
_aСвитен
_bГ. ван
_f1734-1803
_gГотфрид ван
_4070
702 1 _4190
_7ca
_8rus
_aЯценков
_bН. М.
_f18 в.
_gНиколай Максимович
_9211401
_3RU\NLR\AUTH\770211457
702 1 _4100
_8rus
_7ca
_aМильтон
_bД.
_f1608-1674
_gДжон
_3RU\NLR\AUTH\776855
_9116802
702 1 _aДрехслер
_bФ.
_gФедор
_4610
702 1 _4230
_8rus
_7ca
_aГайдн
_bЙ.
_f1732-1809
_gЙозеф
_3RU\NLR\AUTH\7710987
_9120746
712 0 0 _4610
_aДрехслер,
_cПетербург
_gФ.,
_hтипография
_9711214
_3RU\NLR\AUTH\880524866
790 1 _6z01700
_aSwieten
_bG. van
_gGottfried van
_7ba
790 1 _6z04702
_aГайден
801 0 _aRU
_bNLR
_c20061113
852 _aNLR
_j18.167.2.165
856 0 _uhttps://vivaldi.nlr.ru/bx000026377/view
856 1 _uhttps://vivaldi.nlr.ru/bx000026377/cover
856 2 _uhttps://vivaldi.nlr.ru/bx000026377/text
942 _cBOOK
980 _aNB
980 3 _akpcivil2021
980 3 _akp2021
980 3 _akp
980 _aA1DV
981 3 3 _a(33) Художественная литература
_b(33) Зарубежная литература
981 2 0 _a(20) Книжные памятники РНБ
_b(20) Русский книжный фонд